header

Handbook of early childhood education (Record no. 32511)

MARC details
000 -LEADER
fixed length control field 01507nam a2200373 a 4500
082 04 - DEWEY DECIMAL CLASSIFICATION NUMBER
Classification number 372.210973
245 00 - TITLE STATEMENT
Title Handbook of early childhood education
260 ## - PUBLICATION, DISTRIBUTION, ETC. (IMPRINT)
Place of publication Hauppauge, N.Y. :
Name of publisher Nova Science Publishers, Inc.,
Year of publication c2012.
300 ## - PHYSICAL DESCRIPTION
Number of Pages xiv, 224 p.
490 1# - SERIES STATEMENT
Series statement Education in a competitive and globalizing world
650 #0 - SUBJECT ADDED ENTRY--TOPICAL TERM
Topical Term Early childhood education
Topical Term Child care
Topical Term Child development
700 1# - ADDED ENTRY--PERSONAL NAME
Personal name Shaughnessy, Michael F.
Personal name Kleyn, Kinsey.
856 40 - ELECTRONIC LOCATION AND ACCESS
Uniform Resource Identifier http://site.ebrary.com/lib/rucke/Doc?id=10683331

No items available.

© 2026 Rongo University
Contact us: librarian | system librarian | Rongo university